000 00831nam a2200265Ia 4500
003 OSt
005 20220918175135.0
006 a|||||r|||| 00| 0
007 ta
008 220917b |||||||| |||| 00| 0 eng d
024 _a15,882
037 _cTextual
040 _aARTS
_cARTS
_beng
041 _2eng
_aeng
082 _aO111:g(R5), N0
100 _aSilverman Hugh J. ed
_917336
245 0 _aTextual sublime
_b Deconstruction and its differences
260 _aAlbany
_bState Univ Of New York Press
_c1990
300 _axix,274p. illus
_ccm.
490 _aContemporary studies in philosopohy and literature; 1
650 _aENGLISH LITERATURE
700 _a Aylesworth Gary E. ed
_953062
942 _hO111:g(R5), N0
_cTEXL
_2CC
999 _c156275
_d156275